000 00583nam a2200193Ia 4500
003 GCL
008 140319s9999 xx 000 0 ara d
040 _aGCL /
_cGCL
082 0 4 _aد
_b050
100 1 _aمحمد زكريا عنانى
245 1 0 _aالموشحات الاندلسية (عالم المعرفة 31) /
_cمحمد زكريا عنانى
300 _a315 ص
490 _aعالم المعرفة
_v0
650 0 4 _aالشعر
650 0 4 _aالشعر الغنائى
650 0 4 _aالموشحات
650 0 4 _aالموشحات الاندلسية
942 _2ddc
_cBK
999 _c50276
_d50276